Праздник нашего класса

Dettagli Bibliografici
Autore principale: Кант У. Уве
Altri autori: Розанов Вс. (переводчик)
Riassunto:Исключено из фонда НТБ ТПУ
Lingua:russo
Pubblicazione: Москва, Детская литература, 1971
Natura: MixedMaterials Libro
KOHA link:https://koha.lib.tpu.ru/cgi-bin/koha/opac-detail.pl?biblionumber=154763

MARC

LEADER 00000nam0a2200000 4500
001 154763
005 20231031152018.0
035 |a (RuTPU)RU\TPU\book\167862 
090 |a 154763 
100 |a 20090304d1971 e y0rusy50 ca 
101 1 |a rus  |c ger 
102 |a RU 
105 |a a z 000ay 
200 1 |a Праздник нашего класса  |f У. Кант  |g пер. с нем. Вс. Розанов 
210 |a Москва  |c Детская литература  |d 1971 
215 |a 128 с.  |c ил. 
333 |a Исключено из фонда НТБ ТПУ 
700 1 |a Кант  |b У.  |g Уве 
702 1 |a Розанов  |b Вс.  |4 730 
801 1 |a RU  |b 63413507  |c 20090304  |g PSBO 
801 2 |a RU  |b 63413507  |c 20161109  |g RCR 
942 |c BK